00683 2200229 4500001002100000005001700021008004100038035002400079082001100103090001800114100002900132245010500161250001100266260003100277300003100308650004000339700002300379850001500402980001500417985000600432999001500438YOGYA-0209000003179120090227024623.0 ind  0010-020900000031791 a340.07 a340.07bNus A aNusantara, Abdul Hakim G aAspek-aspek sosio legal pendidikan hukum non-formalcAbdul Hakim G. Nusantara dan Mulyana W. Kusumah aCet. 1 aJakartabBina Aksarac1988 aviii, 114 hlmbilusc21 cm aHukum - PendidikanxPembinaan hukum aKusumah, Mulyana W aYOPDYOG(B) a10-10-2006 a1 a93P0043803